000 00316nam a2200121Ia 4500
003 GCL
008 140319s9999 xx 000 0 ara d
040 _aGCL /
_cGCL
082 0 4 _aط
_b813.02
_bن ع
100 1 _aنهاد جاد
245 1 0 _aالعصفور والوطواط /
_cنهاد جاد
490 _a100 قصة
_v0
999 _c46117
_d46117